THE ENGLISH ROCOCO GARDEN (Record no. 1176169)

MARC details
000 -LEADER
fixed length control field 00273nam a2200109Ia 4500
008 - FIXED-LENGTH DATA ELEMENTS--GENERAL INFORMATION
fixed length control field 230724s9999 xx und d
041 ## - LANGUAGE CODE
Language code of text/sound track or separate title eng
100 ## - MAIN ENTRY--PERSONAL NAME
Personal name SYMES MICHAEL
245 ## - TITLE STATEMENT
Title THE ENGLISH ROCOCO GARDEN
260 ## - PUBLICATION, DISTRIBUTION, ETC.
Name of publisher, distributor, etc. SIRLSAAC PITMAN & SONS.LTD,LONDON
300 ## - PHYSICAL DESCRIPTION
Extent 80
Holdings
Withdrawn status Lost status Damaged status Not for loan Home library Current library Date acquired Source of acquisition Cost, normal purchase price Total Checkouts Barcode Date last seen Date last checked out Price effective from Koha item type
        College of Architecture, Pune College of Architecture, Pune 23/07/2024 BHARATI MADYAWARTI SAHAKARI GRAHAK BHANDAR LTD. 832.00 1 ARP-BARCH-5025 24/10/2025 17/10/2025 23/07/2024 Book